1725 1009 1551 1953 1125 1651 1443 1965 1264 1907 1546 1377 1744 1624 1951 1643 1853 1429 1268 1254 1452 1403 1102 1039 1762 1559 1974 1743 1571 1722 1282 1197 1016 1540 1008 1679 1700 1356 1451 1169 1342 1520 1665 1031 1631 1758 1116 1048 1581 1418 1383 1050 1180 1885 1802 1843 1782 1458 1626 1682 1242 1170 1395 1492 1808 1566 1008 1272 1022 1820 1209 1968 1025 1437 1916 1909 1559 1517 1298 1930 1921 1295 1111 1117 1724 1959 1600 1924 1352 1277 1479 1426 1266 1992 1953 1670 1416 1802 1533 BCNSPRNW ULIB Ver.6.0+V

เปลี่ยนเป็นภาษาไทย

Change to English
 แสดงรายละเอียดบรรณานุกรม
  กลับหน้าหลัก

Brief Record : Get Marc (ISO 2709) : E-mail record : QR code < ปิดหน้าต่าง
LEADER : 00000nam 2200000uu 4500
001    13399108315
003     ULIB
008    110228s2551||||th 000 0 tha d
020    9789749988701
060  4 WL100^bอ937I 2551
100 0  แองกัส เกลลาทลีย์
245 10 ส่องสมอง มองโลกจิต=^bIntroducing mind&brain/^cสันต์ สิงหภักดี,แปล
246 31 Introducing mind&brain
250    พิมพ์ครั้งที่ 1
260    กรุงเทพฯ:^bมูลนิธิเด็ก,^c2551
300    171 หน้า:^bภาพประกอบ
650  7 ประสาทวิทยา
650  7 สมอง
700 0  จารุปภา วะสี,^eบรรณาธิการแปล
945    ^p200^l0^i025065
945    ^p200^l0^i025066
945    ^p200^l0^i025067
945    ^p200^l0^i025068
995    ทศพร
999 ^a ใช้งานได้ทุกระบบ
รายการนี้ยังไม่มีแท็ก
คุณยังไม่ได้ล็อกอิน คุณสามารถมีกิจกรรมร่วมกับเว็บไซต์ได้ แต่ต้องล็อกอินก่อน ::
  ล็อกอิน

รายการสื่อสารสนเทศ

ลำดับที่ ประเภท เลขเรียก/บาร์โค้ด สถานที่ สถานะ
- ไม่พบข้อมูล -

รายการใกล้เคียง
    หัวเรื่อง [ประสาทวิทยา]
    หัวเรื่อง [สมอง]

BibComment


ยังไม่เคยถูกคอมเมนท์

คอมเมนท์ทรัพยากรรายการนี้
  คอมเมนท์: ส่องสมอง มองโลกจิ..


 Copyright 2026. Bcnsprnw @Library